[Event "Arctic Chess Challenge"]
[Site "Tromso NOR"]
[Date "2008.08.10"]
[Round "9"]
[White "Remman,F"]
[Black "Jaeger,Fro"]
[Result "1/2-1/2"]
[WhiteElo "1888"]
[BlackElo "2148"]

1.d4 Nf6 2.c4 e6 3.Nc3 Bb4 4.f3 O-O 5.e4 d5 6.e5 Nfd7 7.cxd5 exd5 8.a3 Bxc3+
9.bxc3 c5 10.Bd3 b6 11.Ne2 Ba6 12.Bxa6 Nxa6 13.O-O Nc7 14.f4 f5 15.Kh1 Rf7
16.Rg1 Nf8 17.Be3 Nfe6 18.Qd2 Qd7 19.a4 Rc8 20.a5 cxd4 21.cxd4 b5 22.Rgc1 Rb8
23.Qb4 Nd8 24.Rc2 Na6 25.Qb3 b4 26.Nc1 Qb5 27.Nd3 Ne6 28.g3 Nac7 29.Nc5 Nxc5
30.dxc5 Re8 31.Bd4 Ne6 32.Qe3 b3 33.Rb2 Qc4 34.Rd1 Rb7 35.c6 Qxc6 36.Rxb3 Qc2
37.Rbd3 Rb1 38.Qd2 Rxd1+ 39.Qxd1 Qa2 40.Bxa7 Qxa5 41.Bd4 Qb4 42.Bf2 Qc4  1/2-1/2

[Event "Petrovskaya Ladya GM1"]
[Site "Peterhof RUS"]
[Date "2008.08.12"]
[Round "1"]
[White "Zacurdajev,M"]
[Black "Matlakov,M"]
[Result "0-1"]
[WhiteElo "2400"]
[BlackElo "2484"]

1.d4 Nf6 2.c4 e6 3.Nc3 Bb4 4.f3 Nh5 5.Nh3 f5 6.a3 Bxc3+ 7.bxc3 O-O 8.e3 d6
9.Be2 Nc6 10.O-O e5 11.f4 Nf6 12.Bf3 e4 13.Be2 b6 14.Ra2 Na5 15.d5 h6 16.c5 dxc5
17.c4 Ba6 18.Rc2 c6 19.Bd2 cxd5 20.Bxa5 bxa5 21.cxd5 Bxe2 22.Qxe2 Qxd5 23.Rd1 Qb3
24.Rxc5 Ng4 25.Re1 Rac8 26.Rb5 Qd3 27.Qa2+ Kh7 28.Rb7 Rc2 29.Qa1 Rf6 30.Rb2 Rfc6
31.Rxc2 Rxc2 32.Rd1 Qe2  0-1

[Event "Acropolis Open"]
[Site "Athens GRE"]
[Date "2008.08.13"]
[Round "5"]
[White "Kostopoulos,E"]
[Black "Makka,I"]
[Result "1-0"]
[WhiteElo "2150"]
[BlackElo "2225"]

1.d4 Nf6 2.c4 e6 3.Nc3 Bb4 4.f3 d5 5.a3 Bxc3+ 6.bxc3 c5 7.cxd5 exd5 8.e3 Qc7
9.Ne2 O-O 10.Ng3 b6 11.Ra2 Re8 12.Bd3 Ba6 13.O-O Bxd3 14.Qxd3 Nc6 15.e4 Rac8
16.e5 Nd7 17.Nf5 Re6 18.f4 Rd8 19.Raf2 Nf8 20.Qh3 f6 21.Rf3 Kh8 22.Be3 Na5
23.Rg3 g6 24.Nd6 f5 25.Rgf3 h5 26.Bf2 Nb7 27.Nxf5 gxf5 28.Qxh5+ Qh7 29.Rh3 Kg8
30.Rg3+ Rg6 31.Qxf5 Rxg3 32.Qxh7+ Nxh7 33.Bxg3 cxd4 34.cxd4 Rc8 35.h4 Rc3
36.Kh2 Rxa3 37.f5 Re3 38.Rc1 Na5 39.Rc8+ Nf8 40.e6 Nc4 41.h5 Re4 42.h6 a5
43.Rxf8+ Kh7 44.Rf7+ Kxh6 45.e7 Kg5 46.f6 Ne3 47.Be5 Ng4+ 48.Kh3 Nxe5 49.dxe5 Rxe5
50.Rf8 Re3+ 51.g3 d4 52.e8=Q Rxe8 53.Rxe8 Kxf6 54.Rb8 d3 55.Rxb6+ Ke7 56.Rb3  1-0

[Event "Open A"]
[Site "Vladimir RUS"]
[Date "2008.08.18"]
[Round "6"]
[White "Konovalov,N"]
[Black "Anoshkin,A1"]
[Result "1-0"]
[WhiteElo "2440"]
[BlackElo "2362"]

1.d4 Nf6 2.c4 e6 3.Nc3 Bb4 4.f3 d5 5.a3 Bxc3+ 6.bxc3 c5 7.cxd5 Nxd5 8.Qd3 b6
9.e4 Ba6 10.c4 Nc7 11.dxc5 Qxd3 12.Bxd3 bxc5 13.Bf4 e5 14.Bxe5 Ne6 15.Ne2 Nc6
16.Bc3 O-O-O 17.O-O-O Rd7 18.Rd2 f6 19.Rhd1 Kc7 20.f4 Re8 21.e5 fxe5 22.fxe5 g6
23.Bxg6 Rxd2 24.Bxe8 Rxe2 25.Bxc6 Nd4 26.Ba4 Rxg2 27.Bxd4 cxd4 28.Rxd4 Re2
29.Rh4 Rxe5 30.Rxh7+ Kb6 31.Rh6+ Ka5 32.Bb3 Rc5 33.Rh4 Bb5 34.Kb2 Bc6 35.Bd1 Kb6
36.Rh6 Kc7 37.Kc3 Re5 38.Rh3 Kb6 39.Rg3 Re1 40.Bc2 Rc1 41.Kb2 Rh1 42.Rh3 Rf1
43.Kc3 Be8 44.Re3 Bf7 45.h3 Ra1 46.Kd4 Rc1 47.Bd3 a5 48.Rf3 Be8 49.Rf1  1-0

[Event "44th Rubinstein Mem Open A"]
[Site "Polanica Zdroj POL"]
[Date "2008.08.19"]
[Round "1"]
[White "Kozak,Ma"]
[Black "Walas,A"]
[Result "1-0"]
[WhiteElo "2195"]
[BlackElo "1830"]

1.d4 Nf6 2.c4 e6 3.Nc3 Bb4 4.f3 d5 5.a3 Be7 6.e3 O-O 7.Bd3 c5 8.Nge2 Nc6
9.cxd5 exd5 10.O-O cxd4 11.exd4 Bd6 12.Bg5 h6 13.Bh4 Be6 14.Qd2 a6 15.Rfe1 Bc7
16.Bc2 Rc8 17.Rad1 Bb8 18.Nf4 Ne4 19.fxe4 Qxh4 20.e5 Ne7 21.Rf1 Ba7 22.g3 Qg5
23.Qf2 h5 24.Bb3 h4 25.Ncxd5 hxg3 26.Nxe7+ Qxe7 27.Qxg3 Bxb3 28.Nh5 g6 29.Qxb3 Qxe5
30.Nf6+ Kg7 31.Qxb7 Qc7 32.Qe4 Rh8 33.Rf2 Qc6 34.Qe5  1-0

[Event "Open A"]
[Site "Vladimir RUS"]
[Date "2008.08.20"]
[Round "8"]
[White "Aleksandrov,A"]
[Black "Shaposhnikov,E"]
[Result "1/2-1/2"]
[WhiteElo "2574"]
[BlackElo "2558"]

1.d4 Nf6 2.c4 e6 3.Nc3 Bb4 4.f3 d5 5.a3 Bd6 6.Bg5 Be7 7.Bh4 dxc4 8.Qa4+ c6
9.Qxc4 b5 10.Qd3 a5 11.e3 Nbd7 12.Ne4 O-O 13.Nh3  1/2-1/2

[Event "Elektroprivreda Day Rapid"]
[Site "Niksic MNE"]
[Date "2008.08.21"]
[Round "1.4"]
[White "Blagojevic,Dr"]
[Black "Ivanisevic,I"]
[Result "1/2-1/2"]
[WhiteElo "2519"]
[BlackElo "2664"]

1.d4 Nf6 2.c4 e6 3.Nc3 Bb4 4.f3 c5 5.d5 Nh5 6.g3 d6 7.e4 f5 8.exf5 exd5 9.cxd5 Bxf5
10.Ne2 O-O 11.Bg2 c4 12.Nd4 Qe8+ 13.Qe2 Qxe2+ 14.Kxe2 Bd3+ 15.Kd1 Na6 16.Ne6 Rf7
17.Be3 Nf6 18.f4 Nc7 19.Nxc7 Rxc7 20.Bh3 Bxc3 21.bxc3 Be4 22.Re1 Bxd5 23.Bd4 Kf7
24.Kd2 b6 25.a4 Ne4+ 26.Kc2 Nc5 27.Bxc5 Rxc5 28.a5 bxa5 29.Rad1 Re8 30.Rxe8 Kxe8
31.Re1+ Kf7 32.Kd2 a4 33.Ke3 a3 34.Ra1 Ra5 35.Kd4 a2 36.Bf1 Kf6 37.g4 g5
38.f5 Bf7 39.Bg2 h6 40.Bf3 Ra3 41.Bc6 h5 42.h3 h4 43.Bb5 Ra5 44.Bc6 Rc5 45.Be4 Ra5
46.Bc6 Rc5 47.Bf3 Ra5 48.Bc6  1/2-1/2

[Event "ch-SLO"]
[Site "Ljubljana SLO"]
[Date "2008.08.23"]
[Round "8"]
[White "Zorko,Ju"]
[Black "Sakelsek,T"]
[Result "1-0"]
[WhiteElo "2366"]
[BlackElo "2390"]

1.d4 Nf6 2.c4 e6 3.Nc3 Bb4 4.f3 Nh5 5.Nh3 f5 6.e4 O-O 7.e5 f4 8.Bd3 Qh4+
9.Nf2 c5 10.a3 cxd4 11.axb4 dxc3 12.bxc3 Qg5 13.Ng4 Qh4+ 14.Ke2 Nc6 15.Qe1 Qxe1+
16.Rxe1 b6 17.b5 Nd8 18.Ba3 Rf7 19.c5 Bb7 20.cxb6 axb6 21.Bd6 Rc8 22.c4 Kh8
23.Ra7 Kg8 24.Rea1 Kh8 25.R1a4 Kg8 26.Kd2 Kh8 27.Kc3 Kg8 28.Kd4 Kh8 29.Be4 Bxe4
30.Kxe4  1-0

[Event "U16 Olympiad"]
[Site "Mersin TUR"]
[Date "2008.08.23"]
[Round "9"]
[White "Csiba,D"]
[Black "Ererdem,G"]
[Result "1-0"]
[WhiteElo "2157"]
[BlackElo "1836"]

1.d4 Nf6 2.c4 e6 3.Nc3 Bb4 4.f3 d5 5.a3 Bxc3+ 6.bxc3 O-O 7.e3 b6 8.cxd5 exd5
9.Bd3 c5 10.Ne2 Ba6 11.Bc2 Re8 12.O-O Nc6 13.Rf2 Na5 14.Ng3 Nc4 15.e4 Qc7
16.e5 Nd7 17.f4 Rac8 18.Nf5 Nf8 19.Qg4 Ng6 20.h4 cxd4 21.cxd4 Ncxe5 22.fxe5 Qc3
23.Kh2 Qxa1 24.Be3 Qe1 25.h5 Qxf2 26.Bxf2 Rxc2 27.hxg6 hxg6 28.Nd6 Rf8 29.Qf3  1-0

[Event "IX GM"]
[Site "Banja Luka BIH"]
[Date "2008.09.01"]
[Round "3"]
[White "Volkov,Sergey1"]
[Black "Heberla,B"]
[Result "0-1"]
[WhiteElo "2636"]
[BlackElo "2510"]

1.d4 Nf6 2.c4 e6 3.Nc3 Bb4 4.f3 d5 5.a3 Be7 6.e4 dxe4 7.fxe4 e5 8.d5 Bc5
9.Nf3 Ng4 10.Na4 Nd7 11.Nxc5 Nxc5 12.Qc2 a5 13.h3 Nf6 14.Bd3 O-O 15.Bg5 Qd6
16.O-O Nfd7 17.Rae1 Nxd3 18.Qxd3 Nc5 19.Qc3 f6 20.Bh4 a4 21.Bf2 b6 22.Nd2 Bd7
23.Rc1 Rf7 24.Rfe1 Rff8 25.Kh1 Rfe8 26.Qg3 Rf8 27.Rc3 Kh8 28.Be3 Rae8 29.Qf2 Ra8
30.Rec1 Kg8 31.b4 axb3 32.Bxc5 bxc5 33.Nxb3 Rxa3 34.Nxc5 Rxc3 35.Rxc3 f5
36.Rf3 g6 37.Nxd7 Qxd7 38.c5 Rd8 39.exf5 Qxd5 40.Qh4 Re8 41.fxg6 hxg6 42.Qh6 Qc6
43.Rg3 Re6 44.Rg4 Rf6 45.Rh4 Qxc5 46.Qh8+ Kf7 47.Rh7+ Ke6 48.Qc8+ Kd5 49.Rd7+ Ke4
50.Rd1 Rf4 51.Qe6 Qb5 52.Qxg6+ Ke3 53.Qg5 Ke2 54.Qh5+ Kf2 55.Qh7 Qe2 56.Rc1 Qe4
57.Qg8 Rf3 58.Qa2+ Kg3 59.Qg8+ Kf2 60.Qe6 Kg3 61.Ra1 Rf1+ 62.Rxf1 Qxg2+  0-1

[Event "61st ch-RUS HL"]
[Site "Novokuznetsk RUS"]
[Date "2008.09.03"]
[Round "1"]
[White "Volkov,Sergey1"]
[Black "Maletin,P"]
[Result "1/2-1/2"]
[WhiteElo "2636"]
[BlackElo "2545"]

1.d4 Nf6 2.c4 e6 3.Nc3 Bb4 4.f3 c5 5.d5 O-O 6.e4 d6 7.Ne2 b5 8.Nf4 exd5 9.Nxd5 Nxd5
10.Qxd5 Qb6 11.Bf4 bxc4 12.Bxc4 Nc6 13.O-O Be6 14.Qd3 Ne5 15.Bxe5 dxe5 16.Nd5 Bxd5
17.exd5 Qd6 18.Rf2 Ba5 19.Rc1 Bc7 20.g3 Qh6 21.Qd2 Qf6 22.Kg2 Bd6 23.Bd3 Rab8
24.Rc4 Rb4 25.Rxb4 cxb4 26.Qe3 Rc8 27.Qxa7 g6 28.Qa6 Rc1 29.a4 bxa3 30.bxa3 h5
31.Rc2 Rxc2+ 32.Bxc2 h4 33.Qc8+ Kg7 34.a4 h3+ 35.Qxh3 Qg5 36.Qc8 Qd2+ 37.Kh3 Qh6+
38.Kg2 Qd2+ 39.Kh3 Qh6+ 40.Kg2 Qd2+  1/2-1/2

[Event "61st ch-RUS HL"]
[Site "Novokuznetsk RUS"]
[Date "2008.09.05"]
[Round "3"]
[White "Volkov,Sergey1"]
[Black "Lysyj,I"]
[Result "1-0"]
[WhiteElo "2636"]
[BlackElo "2596"]

1.d4 e6 2.c4 Nf6 3.Nc3 Bb4 4.f3 c5 5.d5 O-O 6.e4 d6 7.Ne2 exd5 8.cxd5 b5
9.Bd2 a6 10.a4 bxa4 11.Nxa4 a5 12.Ng3 Nbd7 13.Be2 Ne5 14.O-O Re8 15.b3 Rb8
16.Bg5 h6 17.Be3 Bd7 18.Qc1 Qc7 19.Nb2 Ra8 20.h3 Ng6 21.Ra2 Qb8 22.Nc4 Ne5
23.Bxh6 gxh6 24.Qxh6 Qd8 25.Ne3 Nh7 26.f4 Bc3 27.Nh5  1-0

[Event "TCh-SRB 1st League"]
[Site "Subotica SRB"]
[Date "2008.09.05"]
[Round "5"]
[White "Berkes,F"]
[Black "Ivanisevic,I"]
[Result "1/2-1/2"]
[WhiteElo "2645"]
[BlackElo "2664"]

1.d4 Nf6 2.c4 e6 3.Nc3 Bb4 4.f3 c5 5.d5 Nh5 6.Nh3 d6 7.Nf2 f5 8.e4 O-O 9.exf5 exf5
10.f4 g6 11.Be2 Bxc3+ 12.bxc3 Ng7 13.O-O Nd7 14.a4 a5 15.g3 Re8 16.Kg2 Re7
17.Bd3 Qe8 18.Bd2 Nb6 19.Ra2 Bd7 20.Qa1 Ra6 21.Rb1 Nh5 22.Rab2 Qd8 23.Rb3 Nf6
24.Qb2 Nc8 25.Rxb7 Bxa4 26.Rxe7 Nxe7 27.Re1  1/2-1/2

[Event "IX GM"]
[Site "Banja Luka BIH"]
[Date "2008.09.07"]
[Round "8"]
[White "Volkov,Sergey1"]
[Black "Javakhishvili,L"]
[Result "1-0"]
[WhiteElo "2636"]
[BlackElo "2461"]

1.d4 Nf6 2.c4 e6 3.Nc3 Bb4 4.f3 c5 5.d5 Bxc3+ 6.bxc3 d6 7.e4 e5 8.Bd3 Nbd7
9.Ne2 Nf8 10.h4 h5 11.Qa4+ Bd7 12.Qa3 Qc7 13.Bc2 Kd8 14.Rb1 Ng8 15.Ng3 Bc8
16.Rb2 f6 17.Be3 g6 18.Bd3 Nh6 19.Kd1 Nf7 20.Kc2 Nd7 21.Kb1 Nh6 22.Ka1 a6
23.Rhb1 Rb8 24.Qa4 Nf8 25.Qc2 Nf7 26.Qf2 Qe7 27.Qg1 Kc7 28.Qf2 Nd7 29.Qc2 Nf8
30.Nh1 Kd8 31.Rb6 Nd7 32.R6b3 Nf8 33.Ng3 Qc7 34.Qb2 Nd7 35.Ra3 Ra8 36.Qc2 Rb8
37.Rb2 Ra8 38.Rab3 Rb8 39.Qb1 Nh6 40.Nf1 Nf7 41.Bf2 b6 42.Ne3 a5 43.g3 Qa7
44.Bc2 Kc7 45.Ra3 Nf8 46.Qd1 Bd7 47.Ba4 Nd8 48.Bxd7 Kxd7 49.f4 Nf7 50.Qa4+ Kd8
51.Rab3 Qc7 52.Qxa5 Nd7 53.Qa4 Ke7 54.Ra3 Ra8 55.Qb3 Rxa3 56.Qxa3 Kf8 57.Qa4 Kg7
58.Be1 Re8 59.f5 g5 60.g4 Rh8 61.Rg2 Kf8 62.Rh2 hxg4 63.Nxg4 Ke7 64.hxg5 Rxh2
65.gxf6+ Nxf6 66.Nxh2 Nxe4 67.Bh4+ Kf8 68.Ng4 Qc8 69.Ne3 Kg7 70.Qc2 Neg5
71.Qg2 Kf6 72.Ng4+ Kxf5 73.Nh6+ Kf4 74.Qg3+ Ke4 75.Bxg5 Nxg5 76.Qxg5 Kd3
77.Nf5 Qh8 78.Qe3+ Kc2 79.Qe1 Qf6 80.Ng3 Qh6 81.Qe2+ Kxc3 82.Ne4+ Kd4 83.Kb2 b5
84.Nc3  1-0

[Event "5th LGA Premium Cup"]
[Site "Nuernberg GER"]
[Date "2008.09.07"]
[Round "6"]
[White "Werner,T2"]
[Black "Osmanovic,F"]
[Result "1/2-1/2"]
[WhiteElo "2002"]
[BlackElo "2132"]

1.d4 Nf6 2.c4 e6 3.Nc3 Bb4 4.f3 c5 5.d5 Nh5 6.g3 d6 7.e4 exd5 8.exd5 O-O
9.Ne2 Re8 10.Bg2 Bxc3+ 11.bxc3 Qe7 12.Kf2 Bd7 13.a4 Na6 14.Re1 Nc7 15.Nf4 Qxe1+
16.Qxe1 Rxe1 17.Kxe1 Re8+ 18.Kf2 Nf6 19.g4 Rb8 20.Bf1 Nfe8 21.Bd3 g6 22.Ne2 Kg7
23.Ng3 Rd8 24.Bg5 f6 25.Bf4 g5 26.Bd2 h6 27.a5 Kf7 28.Nf5 Bxf5 29.Bxf5 Ng7
30.Bd3 Rd7 31.h4 Nce8 32.hxg5 hxg5 33.Rb1 Rc7 34.Kg3 Ke7 35.f4 gxf4+ 36.Kxf4 Kd8
37.Bg6 Re7 38.Re1 Re5 39.Kf3 b6 40.axb6 axb6 41.Re4 Ke7 42.Bf4 Rxe4 43.Bxe4 Nc7
44.Bd3 b5 45.cxb5 Nxd5 46.Bh6 Ne6 47.c4 Nb6 48.Be3 Nd7 49.Be2 Nc7 50.Ke4 Ke6
51.Bd2 Na8 52.Kf4 Nab6 53.Ba5 d5 54.cxd5+ Nxd5+ 55.Ke4 N7b6 56.Be1 Nc8 57.Bf2 Nd6+
58.Kf3 c4 59.b6 c3 60.Bd3 Nb4 61.Bf5+ Nxf5 62.gxf5+ Kxf5 63.b7 Nc6 64.Ke3 c2
65.Kd2 Ke4 66.Kxc2 f5 67.Bb6 f4 68.Kd1 Kf3 69.Bc7 Ke3 70.b8=Q Nxb8 71.Bxb8 f3
72.Ba7+ Kf4 73.Ke1 Kg3 74.Kf1  1/2-1/2

[Event "7th Georgiev - Kesarovski Mem"]
[Site "Sunny Beach BUL"]
[Date "2008.09.12"]
[Round "7"]
[White "Petkov,V"]
[Black "Pantev,V"]
[Result "1-0"]
[WhiteElo "2423"]
[BlackElo "2380"]

1.d4 Nf6 2.c4 e6 3.Nc3 Bb4 4.f3 c5 5.d5 b5 6.e4 bxc4 7.Bxc4 Ba6 8.Bxa6 Nxa6
9.Ne2 exd5 10.e5 d4 11.O-O dxc3 12.bxc3 Ng8 13.cxb4 cxb4 14.f4 Qb6+ 15.Kh1 Ne7
16.f5 Nc6 17.Bb2 O-O-O 18.Rc1 Kb7 19.Qd5 Rhe8 20.Nf4 Rf8 21.Rfd1 Nc7 22.Qe4 g6
23.Nd5 Nxd5 24.Rxd5 gxf5 25.Qxf5 Qc7 26.Qxh7 f6 27.Qd3 fxe5 28.Bxe5 Qc8 29.Bd6 Rfe8
30.h3 Ka8 31.Bg3 Rg8 32.Bh4 Rde8 33.Rxd7 Re6 34.Rd6 Rxd6 35.Qxd6 Kb7 36.Qd5 Qe8
37.Rxc6  1-0

[Event "61st ch-RUS HL"]
[Site "Novokuznetsk RUS"]
[Date "2008.09.14"]
[Round "11"]
[White "Yakovich,Yur"]
[Black "Zvjaginsev,V"]
[Result "1-0"]
[WhiteElo "2566"]
[BlackElo "2663"]

1.d4 Nf6 2.c4 e6 3.Nc3 Bb4 4.f3 d5 5.a3 Bd6 6.e4 dxe4 7.fxe4 e5 8.d5 c6 9.Nf3 cxd5
10.cxd5 Bg4 11.h3 Bxf3 12.Bb5+ Nfd7 13.Qxf3 O-O 14.O-O a6 15.Bd3 b5 16.a4 bxa4
17.Nxa4 a5 18.Be3 f5 19.exf5 e4 20.Bxe4 Ne5 21.Qf2 Nbd7 22.Nc5 Nf6 23.Ne6 Qb8
24.Bf3 Rc8 25.Rad1 a4 26.Bd4 Ra5 27.Kh1 Rb5 28.Qe2 Rb3 29.Rde1 Nd3 30.Nxg7 Kxg7
31.Qe6 Rf8 32.Qd7+ Kh6 33.Re6 Be5 34.Bxe5 Nxe5 35.Qe7 Kg5 36.Rxe5 Rb7 37.Qc5 Qxe5
38.Qxf8 h5 39.Qc8 Rxb2 40.Qc1+ Kh4 41.Qc4+ Kg3 42.Bd1 Qe3 43.Rf3+ Qxf3 44.gxf3 a3
45.f4 Rh2+ 46.Kg1 Rg2+ 47.Kf1 Kh2 48.Qd4 Nd7 49.Bf3 Rb2 50.Be4  1-0

[Event "II ROMGAZ Open"]
[Site "Bucharest ROU"]
[Date "2008.09.15"]
[Round "5"]
[White "Miedema,R"]
[Black "Gelashvili,T"]
[Result "0-1"]
[WhiteElo "2303"]
[BlackElo "2612"]

1.d4 Nf6 2.c4 e6 3.Nc3 Bb4 4.f3 c5 5.d5 d6 6.e4 Qe7 7.Bd2 O-O 8.Nge2 exd5
9.cxd5 Nh5 10.Qc2 f5 11.O-O-O fxe4 12.Qxe4 Qd8 13.g4 Nf6 14.Qc2 Nbd7 15.Bf4 Qe7
16.h3 Ne5 17.Bg2 b5 18.Rhe1 Bxc3 19.Qxc3 b4 20.Qe3 Nfd7 21.Bg5 Qf7 22.f4 Nc4
23.Qe4 Ndb6 24.f5 Re8 25.Qc2 Ba6 26.Nf4 Ne3 27.Rxe3 Rxe3 28.Ne6 Re2 29.Rd2 Re1+
30.Rd1 Rxd1+ 31.Qxd1 Bc4 32.Kb1 Qb7 33.Nd8 Qa6 34.b3 Be2 35.Qd2 Qd3+ 36.Qxd3 Bxd3+
37.Kc1 a5 38.Ne6 a4 39.Nf4 axb3 40.axb3 Ra2 41.Bd8 Nc8 42.Nxd3 Rxg2 43.g5 Rg3  0-1

[Event "EYb18"]
[Site "Herceg Novi MNE"]
[Date "2008.09.16"]
[Round "2"]
[White "Posedaru,B"]
[Black "Homatidis,P"]
[Result "1-0"]
[WhiteElo "2244"]
[BlackElo "2037"]

1.d4 Nf6 2.c4 e6 3.Nc3 Bb4 4.f3 Nh5 5.Nh3 f5 6.e3 c5 7.a3 Bxc3+ 8.bxc3 O-O
9.Bd3 b6 10.O-O Nc6 11.Qe2 Na5 12.Rb1 Ba6 13.e4 Rc8 14.d5 exd5 15.cxd5 Bxd3
16.Qxd3 c4 17.Qc2 fxe4 18.Bg5 Qc7 19.fxe4 Qc5+ 20.Kh1 Qxa3 21.e5 Rce8 22.d6 g6
23.Bh6 Ng7 24.Nf4 Qc5 25.e6 Qxd6 26.Rfd1 Qe5 27.exd7 Rd8 28.Re1 Qc7 29.Bxg7 Rxf4
30.Be5 Rf1+ 31.Rxf1 Qxe5 32.Rbe1 Qb5 33.Re7 Rxd7 34.Qf2  1-0

[Event "4th ch-EU"]
[Site "Liverpool ENG"]
[Date "2008.09.17"]
[Round "9"]
[White "Abergel,T"]
[Black "Sulskis,S"]
[Result "0-1"]
[WhiteElo "2499"]
[BlackElo "2562"]

1.d4 Nf6 2.c4 e6 3.Nc3 Bb4 4.f3 d5 5.a3 Bxc3+ 6.bxc3 c5 7.cxd5 exd5 8.dxc5 O-O
9.Be3 Qe7 10.Bd4 Nc6 11.e3 Nxd4 12.Qxd4 Nd7 13.Bd3 Nxc5 14.Bc2 Bf5 15.Bxf5 Nb3
16.Qd1 Qxe3+ 17.Ne2 Nxa1 18.Qxa1 g6 19.Bd7 Rfd8 20.Ba4 Rac8 21.Qb2 d4 22.Qd2 Rxc3
23.Qxe3 Rxe3 24.Kd2 Rxa3 25.Bd1 b5 26.Nc1 a5 27.Re1 Re3 28.Be2 a4 29.Rd1 b4
30.Nd3 Rb8 31.Rb1 a3 32.Nc1 b3 33.Bc4 b2 34.Nd3 Rc8 35.Ba2 g5 36.Nb4 Rec3
37.Nd5 Rc2+ 38.Kd3 Kg7  0-1

[Event "EYb18"]
[Site "Herceg Novi MNE"]
[Date "2008.09.18"]
[Round "4"]
[White "Posedaru,B"]
[Black "Bojchev,M"]
[Result "0-1"]
[WhiteElo "2244"]
[BlackElo "2406"]

1.d4 Nf6 2.c4 e6 3.Nc3 Bb4 4.f3 c5 5.a3 Bxc3+ 6.bxc3 d6 7.e4 Nc6 8.Be3 b6
9.Bd3 e5 10.Ne2 Qe7 11.O-O Bd7 12.Bg5 h6 13.Bh4 g5 14.Bf2 Nh5 15.Kh1 Qf6
16.Bc2 Na5 17.Ba4 Qe6 18.dxe5 dxe5 19.Bxd7+ Qxd7 20.Qd5 Nc6 21.Rfd1 O-O-O
22.Qxd7+ Rxd7 23.Rd5 f6 24.g4 Ng7 25.h4 Na5 26.a4 Rhd8 27.Kg2 Nxc4 28.hxg5 Rxd5
29.exd5 hxg5 30.a5 Rxd5 31.axb6 axb6 32.Ra8+ Kb7 33.Rf8 Ne6 34.Rf7+ Ka6 35.Rxf6 Nf4+
36.Nxf4 exf4 37.Rf5 Re5  0-1

[Event "Chess City 10th Ann Open"]
[Site "Elista RUS"]
[Date "2008.09.23"]
[Round "9"]
[White "Utnasunov,A"]
[Black "Imeeva,A"]
[Result "1-0"]
[WhiteElo "2447"]
[BlackElo "1972"]

1.d4 Nf6 2.c4 e6 3.Nc3 Bb4 4.f3 d5 5.a3 Bxc3+ 6.bxc3 O-O 7.cxd5 exd5 8.e3 Nc6
9.Bd3 Re8 10.Ne2 Ne7 11.Ng3 Ng6 12.O-O Bd7 13.e4 dxe4 14.fxe4 h6 15.e5 Nd5
16.Qh5 Nxc3 17.Rxf7 Nh8 18.Rxg7+  1-0

[Event "TCh-NED 2008-9"]
[Site "Netherlands NED"]
[Date "2008.09.27"]
[Round "1"]
[White "Van Ketel,R"]
[Black "De Groote,J"]
[Result "1-0"]
[WhiteElo "2295"]
[BlackElo "1995"]

1.d4 Nf6 2.c4 e6 3.Nc3 Bb4 4.f3 c5 5.d5 d6 6.e4 Bxc3+ 7.bxc3 e5 8.Bd3 O-O
9.Ne2 Re8 10.Bc2 Qa5 11.Bg5 Nfd7 12.O-O a6 13.Ng3 Nb6 14.Qd3 Na4 15.f4 f6
16.fxe5 dxe5 17.Bxa4 Qxa4 18.Bxf6 gxf6 19.Nh5 Kh8 20.Nxf6 Rf8 21.Qe3 Nd7
22.Qh6 Rxf6 23.Rxf6 Nxf6 24.Qxf6+ Kg8 25.Qg5+ Kh8 26.Qxe5+ Kg8 27.Qg5+ Kh8
28.Qd8+ Kg7 29.Rf1  1-0

[Event "IX GM"]
[Site "Banja Luka BIH"]
[Date "2008.09.29"]
[Round "1"]
[White "Volkov,Sergey1"]
[Black "Korchnoi,V"]
[Result "1/2-1/2"]
[WhiteElo "2636"]
[BlackElo "2602"]

1.d4 Nf6 2.c4 e6 3.Nc3 Bb4 4.f3 d5 5.a3 Bxc3+ 6.bxc3 c5 7.cxd5 exd5 8.e3 Qc7
9.Ne2 h5 10.Nf4 Bf5 11.Bd3 Bxd3 12.Qxd3 Nbd7 13.O-O Qc6 14.c4 dxc4 15.Qxc4 cxd4
16.Qxd4 O-O 17.Bb2 Rfd8 18.Rac1 Qb5 19.Rc7 Nb6 20.Qe5 Qxe5 21.Bxe5 Nfd5 22.Rxb7 Nxe3
23.Re1 Nbc4 24.Nxh5 Rd5 25.Bf4 Nxg2 26.Nf6+ gxf6 27.Kxg2 Ne5 28.Bxe5 fxe5
29.Re7 Ra5 30.Re3 Rc8 31.R7xe5 Rc2+ 32.Kg3 Ra6 33.Rg5+ Kf8 34.Rb3 Ra2 35.Rb8+ Ke7
36.Rb7+ Ke6 37.Rg7 f6 38.h4 Ra5 39.Rbe7+ Kf5 40.h5 Ra1 41.h6 R5xa3 42.h7 R3a2
43.f4 Rg1+ 44.Kf3 Rh1 45.Rxa7 Rxa7 46.Rxa7 Rh3+ 47.Kg2 Rh6 48.Kg3 Kg6 49.Kg4 f5+
50.Kg3 Rxh7  1/2-1/2

[Event "ch-Commonwealth"]
[Site "Nagpur IND"]
[Date "2008.09.30"]
[Round "4"]
[White "Akshat,Kh"]
[Black "Deepan,C"]
[Result "1/2-1/2"]
[WhiteElo "2305"]
[BlackElo "2464"]

1.d4 Nf6 2.c4 e6 3.Nc3 Bb4 4.f3 c5 5.d5 O-O 6.e4 d6 7.Ne2 a6 8.Bf4 e5 9.Bd2 Ne8
10.g4 Nd7 11.Ng3 Rb8 12.a3 Bxc3 13.Bxc3 b5 14.a4 Nc7 15.b3 Nb6 16.Bd3 bxc4
17.bxc4 Ne8 18.a5 Nd7 19.h4 f6 20.Qd2 Rf7 21.h5 Nf8 22.O-O h6  1/2-1/2

[Event "ch-Commonwealth"]
[Site "Nagpur IND"]
[Date "2008.10.01"]
[Round "5"]
[White "Krishna Teja,N"]
[Black "Yashas,D"]
[Result "0-1"]
[WhiteElo "1766"]
[BlackElo "1992"]

1.d4 Nf6 2.c4 e6 3.Nc3 Bb4 4.f3 Nh5 5.Be3 O-O 6.Bf2 f5 7.e3 c5 8.a3 Ba5 9.Ne2 cxd4
10.exd4 Bxc3+ 11.Nxc3 b6 12.f4 Nf6 13.Be2 Bb7 14.Bf3 d5 15.Bh4 Nbd7 16.cxd5 exd5
17.O-O Qe8 18.Re1 Ne4 19.Nb5 Qg6 20.Nc7 Rac8 21.Bh5 Qd6 22.Nb5 Qxf4 23.Be7 Qf2+
24.Kh1 Rc2 25.Re2 Rxe2 26.Qxe2 Qxe2 27.Bxe2 Re8 28.Bh4 g5 29.Be1 Nf2+ 30.Bxf2 Rxe2
31.Bg1 Rxb2 32.Nd6 Ba6 33.Nxf5 Nf6 34.Re1 Bd3 35.Re6 Nh5 36.Ne7+ Kf7 37.Rh6 Nf4
38.Nc6 Be4 39.Ne5+ Kg7 40.Rxh7+ Kxh7 41.Nf3 Rxg2 42.Be3 Bxf3 43.Bxf4 Rg4+  0-1

[Event "ch-Commonwealth"]
[Site "Nagpur IND"]
[Date "2008.10.02"]
[Round "6"]
[White "Nihal,M"]
[Black "Monnisha,G"]
[Result "1-0"]
[WhiteElo "1946"]
[BlackElo "1741"]

1.d4 Nf6 2.c4 e6 3.Nc3 Bb4 4.f3 d5 5.a3 Be7 6.e4 dxe4 7.fxe4 e5 8.d5 Bc5
9.Qf3 Ng4 10.h3 Nf2 11.Rh2 Nd3+ 12.Bxd3 Bxg1 13.Rh1 Bb6 14.Be3 Bxe3 15.Qxe3 Nd7
16.Rf1 Qh4+ 17.Qf2 Qxf2+ 18.Kxf2 Nf6 19.Be2 O-O 20.Ke3 Bd7 21.b4 Ne8 22.g4 g6
23.c5 Ng7 24.Rf6 Ne8 25.Rf2 Ng7 26.g5 c6 27.Bg4 Bc8 28.b5 cxb5 29.Nxb5 Bxg4
30.hxg4 Ne8 31.d6 a6 32.Nc3 Rd8 33.Rb1 Rd7 34.Nd5 Kg7 35.Rfb2 f6 36.Rxb7 Rff7
37.Rb8 Rf8 38.gxf6+ Nxf6 39.Rxf8 Nxd5+ 40.exd5 Kxf8 41.Ke4 Rd8 42.c6 Rxd6
43.c7 Ke7 44.c8=Q h5 45.Rf1 hxg4 46.Qf8+ Kd7 47.Rf7+  1-0

[Event "ch-Commonwealth"]
[Site "Nagpur IND"]
[Date "2008.10.03"]
[Round "8"]
[White "Nihal,M"]
[Black "Jabbar,A"]
[Result "1/2-1/2"]
[WhiteElo "1946"]
[BlackElo "2211"]

1.d4 Nf6 2.c4 e6 3.Nc3 Bb4 4.f3 c6 5.a3 Bxc3+ 6.bxc3 h6 7.e4 d6 8.Bd3 e5
9.Ne2 Qa5 10.O-O g5 11.Be3 c5 12.d5 Nbd7 13.Qe1 Nh5 14.Ng3 Ndf6 15.Nxh5 Nxh5
16.g3 Bd7 17.Qd2 Rg8 18.Kh1 Qd8 19.Qe2 Rg6 20.Bd2 Qc8 21.a4 Rb8 22.a5 Rg8
23.Bc2 Ke7 24.Bd1 f6 25.Ba4 Bxa4 26.Rxa4 Qh3 27.Qg2 Qd7 28.Ra2 Ng7 29.Rb2 Nh5
30.Rfb1 Kf7 31.Rb5 Ke8 32.g4 Ng7 33.Kg1 Ke7 34.Be3 a6 35.Rb6 Qc7 36.h4 Ne8
37.h5 Kd8  1/2-1/2

[Event "1st WMSG Blitz Ind w"]
[Site "Beijing CHN"]
[Date "2008.10.04"]
[Round "6"]
[White "Vasilevich,T"]
[Black "Shahade,J"]
[Result "1-0"]
[WhiteElo "2368"]
[BlackElo "2322"]

1.d4 Nf6 2.c4 e6 3.Nc3 Bb4 4.f3 c5 5.d5 exd5 6.cxd5 d6 7.e4 O-O 8.Ne2 Nbd7
9.Ng3 Ne5 10.Be2 Ng6 11.O-O a6 12.a3 Ba5 13.a4 Bd7 14.Be3 Rb8 15.Qd2 b5 16.axb5 axb5
17.Bg5 Bb4 18.Nh5 Kh8 19.Bxf6 gxf6 20.Ra7 c4 21.Rxd7 Qxd7 22.Qh6 Qa7+ 23.Kh1 Rg8
24.Nxf6 Rg7 25.Nh5 Rgg8 26.f4 Qe7 27.Rf3 Qh4 28.Bf1 Bxc3 29.bxc3 Qe1 30.Kg1 Ra8
31.Rh3 Ra2 32.Rf3 b4 33.Qg5 Rg7 34.Qf6  1-0

[Event "ch-Commonwealth"]
[Site "Nagpur IND"]
[Date "2008.10.06"]
[Round "11"]
[White "Krishna Teja,N"]
[Black "Cholleti,S"]
[Result "0-1"]
[WhiteElo "1766"]
[BlackElo "1918"]

1.d4 Nf6 2.c4 e6 3.Nc3 Bb4 4.f3 d5 5.Bg5 c6 6.e3 dxc4 7.Bxf6 Qxf6 8.Bxc4 O-O
9.Ne2 Qg5 10.Kf2 b5 11.Bd3 Bxc3 12.bxc3 Nd7 13.c4 bxc4 14.Bxc4 Nb6 15.Bd3 f5
16.Re1 Rf6 17.Nf4 Qh4+ 18.Kg1 Rh6 19.Nh3 g5 20.Be2 Nd5 21.Qd2 g4 22.fxg4 fxg4
23.e4 gxh3 24.exd5 hxg2 25.h3 exd5 26.Bh5 Qxh5 27.Re5 Bf5 28.Rxf5 Qxf5 29.Qxh6 Rf8
30.Kxg2 Qe4+ 31.Kg3 Rf3+ 32.Kh2 Rf2+ 33.Kg3 Rf3+ 34.Kh2  0-1

[Event "1st WMSG Blitz Team w"]
[Site "Beijing CHN"]
[Date "2008.10.13"]
[Round "10"]
[White "Ben Dak,S"]
[Black "Machalova,V"]
[Result "1-0"]
[WhiteElo "1941"]
[BlackElo "2187"]

1.d4 Nf6 2.c4 e6 3.Nc3 Bb4 4.f3 O-O 5.e4 d6 6.Be3 c6 7.Bd3 e5 8.d5 c5 9.Ne2 Ne8
10.a3 Bxc3+ 11.Nxc3 g6 12.Qd2 Ng7 13.g4 Qh4+ 14.Bf2 Qf6 15.Be2 a6 16.h4 h5
17.Be3 Qe7 18.O-O-O Bd7 19.Rdg1 Kh7 20.Bh6 Rg8 21.Bxg7 Rxg7 22.gxh5 gxh5
23.Rxg7+ Kxg7 24.Rg1+ Kh7 25.Rg5 Qf6 26.Rxh5+ Kg7 27.Qe1 Kf8 28.Qg3 Qf4+
29.Qxf4 exf4 30.Rh8+ Kg7 31.Rd8 Kf6 32.Rg8 Ke7 33.h5 Be8 34.h6 Nd7 35.h7 Nf6
36.h8=Q Nxg8 37.Qxg8 Rd8 38.Qg5+ Kd7 39.Qxf4 Kc7 40.Bd3 Rd7 41.Kd2 Re7 42.Kc2 Bd7
43.Ne2 Kd8 44.Qf6 b5 45.Qxd6 bxc4 46.Bxc4 Ke8 47.Qb8+ Bc8 48.Qxc8+  1-0